Charles Dickens / Výberová bibliografia /

Bibliographic Details
Main Author: Franko, Juraj (Author)
Format: Book
Language:Undetermined
PhysicalDescription:23 s.
Published: Bratislava Mestská knižnica 1972
Edition:1. vyd.

MARC

LEADER 00000nam a2200000 a 4500
001 vtls001465413
003 SK-MaSNL
005 20260302073246.0
008 240314s1972 xx 0 und
035 |a SNK000420718 
040 |a SNK  |b slo  |c SNK  |e AACR2 
100 1 |a Franko, Juraj  |4 aut  |9 737451 
245 1 0 |a Charles Dickens  |b / Výberová bibliografia / 
250 |a 1. vyd. 
260 |a Bratislava  |b Mestská knižnica  |c 1972 
300 |a 23 s. 
958 |a OND 
999 |c 1160107  |d 1162037 
952 |t P60, <04>, [BOOK], {604}  |a SNK  |b SNK  |y VYP  |7 0  |p 17A0407491  |o snkSD 42011 D1  |i snkKSP 1209/73  |0 0  |1 0  |4 0  |d 2003-12-16  |l 0  |r 2005-01-02 00:00:00  |w 2026-02-24 
952 |a SNK  |b SNK  |y PREZ  |7 0  |p 17A0941264  |o snkSD 42011   |0 0  |1 0  |4 0  |d 2013-08-15  |l 0  |r 2026-02-24 20:30:27  |w 2026-02-24